|
|
|
|
| LEADER |
01125nam a2200277 a 4500 |
| 001 |
ateilamb_21_10003035 |
| 008 |
050823s1995 xk g b 001 b eng d |
| 020 |
|
|
|a 0521472865
|
| 020 |
|
|
|a 0521478790
|q (pbk.)
|
| 040 |
|
|
|a GrPaTEI
|b gre
|c GR-PaULI
|
| 044 |
|
|
|a gb
|
| 082 |
|
0 |
|a 621.3815
|
| 100 |
1 |
|
|a Jones, Martin Hartley
|
| 245 |
1 |
2 |
|a A practical introduction to electronic circuits /
|c Martin Hartley Jones.
|
| 250 |
|
|
|a 3rd ed.
|
| 260 |
|
|
|a Cambridge :
|b Cambridge University Press,
|c c 1995
|
| 300 |
|
|
|a xxii, 522 σ. :
|b εικ. ;
|c 25 εκ.
|
| 504 |
|
|
|a Περιλαμβάνει βιβλιογραφίες και ευρετήριο.
|
| 650 |
|
0 |
|a Circuits and electronics
|
| 650 |
|
0 |
|a Electronic circuits
|
| 650 |
|
4 |
|a Ηλεκτρονικά κυκλώματα
|
| 650 |
|
4 |
|a Κυκλώματα και ηλεκτρονική
|
| 942 |
|
|
|2 ddc
|
| 952 |
|
|
|0 0
|1 0
|2 ddc
|4 0
|6 621_381500000000000_JON
|7 0
|9 318019
|a LISK-2
|b LISK-2
|c BSC
|d 2021-01-17
|e 24
|f 0
|g 0.00
|l 0
|o 621.3815 JON
|p 99243000008009
|r 2021-01-17 00:00:00
|t 1
|w 2021-01-17
|y BK15
|x GrPaTEI - Antirrio
|
| 971 |
|
|
|a .b26972232
|b 01-10-20
|c 28-09-16
|
| 999 |
|
|
|c 180828
|d 180828
|